000 00710nam a2200217Ia 4500
003 GCL
008 140319s9999 xx 000 0 ara d
040 _aGCL /
_cGCL
082 0 4 _a962.0352
_bا م
100 1 _aاحمد عرابى
245 1 0 _aمذكرات الزعيم احمد عرابى /
_cاحمد عرابى
260 _a[S.N] :
_bدار الهلال للطباعة والنشر ،
_c1989
300 _a392 ص
490 _aسلسلة كتاب الهلال
_v0
650 0 4 _aالعصر الحديث
650 0 4 _aمصر
650 0 4 _aتاريخ
650 0 4 _aاحمد عرابى
650 0 4 _aمصر - تاريخ - العصر الحديث - الثورة العرابية
942 _2ddc
_cBK
999 _c35246
_d35246